Normal view
MARC view
Entry Personal Name
001 - CONTROL NUMBER
- control field: 82293
003 - CONTROL NUMBER IDENTIFIER
- control field: dpl
005 - DATE AND TIME OF LATEST TRANSACTION
- control field: 20250624130743.0
008 - FIXED-LENGTH DATA ELEMENTS
- fixed length control field: 250624|| aca||aabn | a|a d
040 ## - CATALOGING SOURCE
- Original cataloging agency: dpl
- Transcribing agency: dpl
100 ## - HEADING--PERSONAL NAME
- Personal name: थरूर, शशि
670 ## - SOURCE DATA FOUND
- Source citation: Work cat.: (dpl)209889: आनंद वर्धन सिंह 82292, 'हे राम' से 'जय श्रीराम' तक/, 2024
